| 000 | 00463nam a2200169Ia 4500 | ||
|---|---|---|---|
| 005 | 20240919031259.0 | ||
| 008 | 240331s9999 xx 000 0 und d | ||
| 020 | _a9559065009 | ||
| 082 |
_bGOO _a709.24 |
||
| 100 | _aGoonetileke, H.A.I | ||
| 245 | 0 |
_aGeorge Keyt : _ba ife in art-wit a bio bibliography of the artist, 1923-1988 |
|
| 260 |
_aColombo _bThe George Keyt Foundation _c1989 |
||
| 300 | _a41 p ., | ||
| 650 | _aHistory | ||
| 650 | _aWomen | ||
| 942 | _cL | ||
| 999 |
_c3079 _d3079 |
||